Southville International School and Colleges
Your cart is empty.
  • Cart
  • Lists
    Public lists list_1 View all
    Your lists Log in to create your own lists
  • Log in to your account
  • Your cookies
  • Search history
Southville International School and Colleges
  • Advanced search
  • Recent comments
  • Most popular
  • Libraries

Log in to your account

Log in with GOOGLE


If you do not have an external account, but do have a local account, you can still log in:

  1. Home
  2. MARC view: The negative effects of TV programs on sex and violence on the youth today /
Normal view MARC view ISBD view

The negative effects of TV programs on sex and violence on the youth today / (Record no. 96338)

[ view plain ]
MARC details
000 -LEADER
fixed length control field 00825nam a2200217 a 4500
003 - CONTROL NUMBER IDENTIFIER
control field 0
005 - DATE AND TIME OF LATEST TRANSACTION
control field 20250605132259.0
008 - FIXED-LENGTH DATA ELEMENTS--GENERAL INFORMATION
fixed length control field 021121s19uu xx 00 eng d
010 ## - LIBRARY OF CONGRESS CONTROL NUMBER
LC control number -
050 ## - LIBRARY OF CONGRESS CALL NUMBER
Classification number PGS HQ 784.T4
Item number .T136 2000
100 ## - MAIN ENTRY--PERSONAL NAME
Personal name Takai, Bryan Lenard R.
245 #4 - TITLE STATEMENT
Title The negative effects of TV programs on sex and violence on the youth today /
Statement of responsibility, etc Bryan Lenard R. Takai.
260 ## - PUBLICATION, DISTRIBUTION, ETC. (IMPRINT)
Place of publication, distribution, etc Las Piñas City, Philippines :
Name of publisher, distributor, etc Southville International School and Colleges,
Date of publication, distribution, etc 2000.
300 ## - PHYSICAL DESCRIPTION
Extent 17 pages :
Other physical details illustrations ;
Dimensions 28 cm.
504 ## - BIBLIOGRAPHY, ETC. NOTE
Bibliography, etc Includes bibliographical references.
650 ## - SUBJECT ADDED ENTRY--TOPICAL TERM
Topical term or geographic name as entry element Violence on television
Form subdivision Psychological aspects.
650 ## - SUBJECT ADDED ENTRY--TOPICAL TERM
Topical term or geographic name as entry element Sex on television
Form subdivision Psychological aspects.
650 ## - SUBJECT ADDED ENTRY--TOPICAL TERM
Topical term or geographic name as entry element Youth
Form subdivision Effect of mass media on.
650 ## - SUBJECT ADDED ENTRY--TOPICAL TERM
Topical term or geographic name as entry element Media violence
Form subdivision Psychological aspects.
942 ## - ADDED ENTRY ELEMENTS (KOHA)
Source of classification or shelving scheme Library of Congress Classification
Koha item type PASS
Holdings
Withdrawn status Lost status Source of classification or shelving scheme Damaged status Home library Current library Shelving location Date acquired Source of acquisition Total Checkouts Full call number Barcode Date last seen Price effective from Koha item type
    Library of Congress Classification   Luxembourg Library Luxembourg Library Portfolio Assessment of SISC Students Section 11/21/2002 Donation   PGS HQ 784.T4 .T136 2000 P0276 04/08/2014 04/08/2014 PASS

The negative effects of TV programs on sex and violence on the youth today /

APA

Takai B. L. R., . (2000). The negative effects of TV programs on sex and violence on the youth today. Las Piñas City, Philippines: Southville International School and Colleges.

Chicago

Takai Bryan Lenard R, . 2000. The negative effects of TV programs on sex and violence on the youth today. Las Piñas City, Philippines: Southville International School and Colleges.

Harvard

Takai B. L. R., . (2000). The negative effects of TV programs on sex and violence on the youth today. Las Piñas City, Philippines: Southville International School and Colleges.

MLA

Takai Bryan Lenard R, . The negative effects of TV programs on sex and violence on the youth today. Las Piñas City, Philippines: Southville International School and Colleges. 2000.

  • Print
  • Cite
  • Add to your cart (remove)
  • Save record
    BIBTEX Dublin Core MARCXML MARC (non-Unicode/MARC-8) MARC (Unicode/UTF-8) MARC (Unicode/UTF-8, Standard) MODS (XML) RIS
  • More searches
    Search for this title in:
    Other Libraries (WorldCat) Other Databases (Google Scholar) Online Stores (Bookfinder.com) Open Library (openlibrary.org)

Exporting to Dublin Core...

SOUTHVILLE LIBRARY

Southville International School and Colleges Library

1281 Tropical Ave. Cor. Luxembourg St., BF Homes International, Las Pinas City

Tel. No. 8256374 / 252358 Loc. 117/146

Powered by Koha